000 00378nam a22001697a 4500
005 20160629172218.0
008 160629b xxu||||| |||| 00| 0 eng d
020 _a81-203-0908-1
041 _aeng
082 _b10884
100 _aChisnall peter M
_91471
245 _aMarketing Research
260 _bPHI
_c2003
300 _a205
650 _aManagement
_9241
942 _cBK
999 _c4793
_d4791